000
00316nam a22001217a 4500
999
_c
5277
_d
5277
008
250902b ||||| |||| 00| 0 eng d
020
_a
9780062014191
082
_a
823.92 DOD
100
_a
DODD,EMMA
_e
AUTHOR
_l
ENGLISH
245
_a
FOXY
260
_a
10 EAST 53RD STREET,NEW YORK,NY 10022
_b
HarperCollins
942
_2
ddc